<?xml version="1.0" encoding="UTF-8"?>
<marc:record xmlns:marc="http://www.loc.gov/MARC21/slim">
   <marc:leader>00000nam a2200000 a 4500</marc:leader>
   <marc:datafield ind1="1" ind2=" " tag="100">
      <marc:subfield code="a">Tashiro, Chisato</marc:subfield>
      <marc:subfield code="4">aut</marc:subfield>
      <marc:subfield code="e">Verfasser/-in</marc:subfield>
   </marc:datafield>
   <marc:datafield ind1=" " ind2=" " tag="653">
      <marc:subfield code="a">Grund- und weiterführende Schulen</marc:subfield>
   </marc:datafield>
   <marc:datafield ind1="0" ind2="0" tag="245">
      <marc:subfield code="a">Carlo Chamäleon</marc:subfield>
   </marc:datafield>
   <marc:datafield ind1="0" ind2="0" tag="245">
      <marc:subfield code="c">Chisato Tashiro</marc:subfield>
   </marc:datafield>
   <marc:datafield ind1=" " ind2="1" tag="264">
      <marc:subfield code="a">Zürich</marc:subfield>
      <marc:subfield code="b">NordSüd Verlag</marc:subfield>
      <marc:subfield code="c">2006</marc:subfield>
   </marc:datafield>
   <marc:datafield ind1=" " ind2=" " tag="250">
      <marc:subfield code="a">3. Aufl.</marc:subfield>
   </marc:datafield>
   <marc:datafield ind1="1" ind2=" " tag="520">
      <marc:subfield code="a">Angaben aus der Verlagsmeldung

Carlo Chamäleon / von Chisato Tashiro

Carlo wechselt ständig seine Farbe. Mal ist er grün. Dann wieder blau. Dann gelb, grau, braun. Er kann gar nicht anders, schließlich ist er ein Chamäleon. Aber Carlo ist das Farbenwechseln und Unsichtbarsein leid. Er möchte endlich wahrgenommen werden. Als er erfährt, dass die anderen Tiere gerne bunter wären, hat er eine tolle Idee. Er eröffnet einen Farbladen und bald ist er das bekannteste Tier im Dschungel. Schnell merken die Tiere, dass das Farbigsein seine Tücken hat. Das soziale Leben im Dschungel gerät außer Kontrolle und Carlo kann von Glück reden, dass er nicht von seiner Kundschaft aufgefressen wird. Mit „Carlo Chamäleon“ hat die japanische Künstlerin Chisato Tashiro nicht nur ein quirlig buntes Bilderbuch, sondern zugleich eine Metapher auf den Sinn natürlicher Kreisläufe geschaffen.
</marc:subfield>
   </marc:datafield>
   <marc:datafield ind1=" " ind2=" " tag="020">
      <marc:subfield code="a">9783314015052</marc:subfield>
      <marc:subfield code="9">9783314015052</marc:subfield>
   </marc:datafield>
   <marc:datafield ind1=" " ind2=" " tag="041">
      <marc:subfield code="a">ger</marc:subfield>
   </marc:datafield>
   <marc:datafield ind1=" " ind2=" " tag="300">
      <marc:subfield code="a">32 S.</marc:subfield>
   </marc:datafield>
</marc:record>
